[Event "World Open"]
[Site "Philadelphia"]
[Date "2002.07.01"]
[Round "1"]
[White "Patterson, Roger"]
[Black "Rowson, Jonathan"]
[Result "0-1"]
[WhiteElo "2246"]
[BlackElo "2627"]
[PlyCount "80"]
[EventDate "2002.??.??"]

1. e4 c5 2. Nf3 d6 3. d4 Nf6 4. Nc3 cxd4 5. Nxd4 a6 6. f4 g6 7. Bd3 Bg7 8. Nf3
Qb6 9. Qe2 O-O 10. Bd2 Nc6 11. O-O-O Bg4 12. Rhe1 Rac8 13. h3 Bxf3 14. Qxf3 Nd7
15. b3 Nb4 16. Nd5 Nxd5 17. exd5 Qd4 18. Be3 Qb2+ 19. Kd2 Bc3+ 20. Ke2 Bxe1 21.
Rxe1 Nc5 22. Bxc5 Rxc5 23. Kf1 Qf6 24. Kg1 b5 25. f5 Kg7 26. Qe4 gxf5 27. Qxe7
Rxd5 28. Qb7 Re5 29. Rf1 d5 30. a4 bxa4 31. bxa4 a5 32. Qa7 d4 33. Qxd4 Rd8 34.
Qf4 Red5 35. Bxf5 Qd4+ 36. Qxd4+ Rxd4 37. Ra1 Rd1+ 38. Rxd1 Rxd1+ 39. Kf2 Rd4
40. Ke3 Rxa4 0-1

[Event "World Open"]
[Site "Philadelphia"]
[Date "2002.07.01"]
[Round "1"]
[White "Blatny, Pavel"]
[Black "Friedman, Josef I"]
[Result "1-0"]
[WhiteElo "2603"]
[BlackElo "2242"]
[PlyCount "63"]
[EventDate "2002.??.??"]

1. f4 d5 2. b3 Bg4 3. Bb2 e6 4. g3 Nc6 5. Bg2 Nf6 6. Nf3 Bxf3 7. Bxf3 Bc5 8. e3
O-O 9. a3 d4 10. Qe2 dxe3 11. dxe3 Nd5 12. Bc1 e5 13. c4 Nxe3 14. Bxe3 Bxe3 15.
Qxe3 exf4 16. Qxf4 Re8+ 17. Kf2 Ne5 18. Kg2 Nd3 19. Qd2 Qd4 20. Ra2 Re3 21. Rf1
Rae8 22. Bd5 R8e7 23. Nc3 c6 24. Bf3 h5 25. Bxh5 Qe5 26. Bf3 Ne1+ 27. Rxe1 Rxe1
28. Ne2 Rb1 29. Qd3 Re1 30. Kf2 Rc1 31. Nxc1 Qe1+ 32. Kg2 1-0

[Event "World Open"]
[Site "Philadelphia"]
[Date "2002.07.01"]
[Round "1"]
[White "Au, Leslie"]
[Black "Schmaltz, Roland"]
[Result "0-1"]
[WhiteElo "2236"]
[BlackElo "2586"]
[PlyCount "144"]
[EventDate "2002.??.??"]

1. e4 c5 2. Nf3 e6 3. c3 Nf6 4. Bd3 d5 5. e5 Nfd7 6. O-O Nc6 7. Re1 g5 8. Qa4
h5 9. Re2 c4 10. Bg6 fxg6 11. Qc2 Kf7 12. d4 Be7 13. h3 Kg7 14. Be3 Rf8 15.
Nbd2 Rf5 16. Rf1 Qf8 17. Nh2 Nb6 18. g4 hxg4 19. hxg4 Rf7 20. f3 Bd7 21. Rff2
Qd8 22. Ndf1 Qh8 23. Ng3 Raf8 24. Rf1 Qh3 25. Rg2 Na8 26. Rff2 b5 27. Qd2 Qh4
28. Qd1 Rh8 29. Nhf1 Qh7 30. Qd2 Kf8 31. Rh2 Qg8 32. Bxg5 Rxh2 33. Kxh2 Ke8 34.
Kg1 Nc7 35. Bxe7 Nxe7 36. Qg5 Rh7 37. a3 Qf8 38. Ne3 Qh6 39. Qxh6 Rxh6 40. f4
Rh4 41. Kg2 a5 42. Ngf1 Nc6 43. Nd2 Rh8 44. Rf1 Ke7 45. Kg3 b4 46. axb4 axb4
47. Nf3 bxc3 48. bxc3 Na7 49. Nh4 Rg8 50. Kh2 Nab5 51. Rc1 Kf7 52. Nf3 Ra8 53.
Ng1 Ra3 54. Ne2 Na8 55. Kg3 Nb6 56. f5 Na4 57. fxe6+ Bxe6 58. Rf1+ Ke7 59. Nf4
Naxc3 60. Nxg6+ Ke8 61. Rf8+ Kd7 62. Nf5 Ne2+ 63. Kh4 Nexd4 64. Rf6 c3 65. Nf8+
Kc7 66. Ne3 Bg8 67. Rg6 Nf3+ 68. Kg3 Ng5 69. Rg7+ Kb6 70. Nc2 Ra2 71. Rxg8 Rxc2
72. Rxg5 Rd2 {White resigned a few moves later} 0-1

[Event "World Open"]
[Site "Philadelphia"]
[Date "2002.07.01"]
[Round "1"]
[White "Mulyar, Michael A"]
[Black "Curdo, John A"]
[Result "1-0"]
[WhiteElo "2524"]
[BlackElo "2201"]
[PlyCount "81"]
[EventDate "2002.??.??"]

1. e4 e5 2. Nf3 Nc6 3. Bb5 a6 4. Ba4 d6 5. c3 f5 6. exf5 Bxf5 7. O-O Bd3 8. Re1
Be7 9. Bc2 Bxc2 10. Qxc2 Nf6 11. Qb3 Qd7 12. Qxb7 O-O 13. Qb3+ Kh8 14. d3 d5
15. Bg5 e4 16. dxe4 dxe4 17. Nd4 Nxd4 18. cxd4 Qxd4 19. Be3 Qe5 20. Qc3 Qh5 21.
Nd2 Bd6 22. Nf1 Nd5 23. Qc4 Nxe3 24. Rxe3 Qf5 25. Re2 Rae8 26. Rae1 Rf6 27. Qc2
Rfe6 28. a3 h6 29. Nd2 Qh5 30. g3 e3 31. Rxe3 Rxe3 32. fxe3 Qg5 33. Nf3 Qh5 34.
Kg2 Rf8 35. Rf1 Qb5 36. Rf2 a5 37. e4 Bc5 38. Re2 Bb6 39. e5 Qd5 40. Qe4 Qe6
41. Nh4 1-0

[Event "World Open"]
[Site "Philadelphia"]
[Date "2002.07.01"]
[Round "1"]
[White "Sarkar, Justin"]
[Black "Mayer, Steven F"]
[Result "1/2-1/2"]
[WhiteElo "2435"]
[BlackElo "2203"]
[PlyCount "57"]
[EventDate "2002.??.??"]

1. e4 c5 2. Nf3 d6 3. d4 Nf6 4. Nc3 cxd4 5. Nxd4 g6 6. Be3 Bg7 7. f3 Nc6 8. Qd2
O-O 9. O-O-O Bd7 10. g4 Rc8 11. h4 Ne5 12. h5 Qa5 13. Nb3 Qc7 14. Be2 Be6 15.
Nd4 Bc4 16. hxg6 fxg6 17. g5 Nh5 18. f4 Bxe2 19. Qxe2 Nc4 20. Ne6 Qa5 21. Rd5
Qa6 22. Rxh5 Bxc3 23. bxc3 Qxa2 24. Kd1 Qb1+ 25. Bc1 Nb2+ 26. Kd2 Nc4+ 27. Kd1
Nb2+ 28. Kd2 Nc4+ 29. Kd1 1/2-1/2

[Event "World Open"]
[Site "Philadelphia"]
[Date "2002.07.01"]
[Round "1"]
[White "Murtagh, Dermot"]
[Black "Zlotnikov, Mikhail"]
[Result "0-1"]
[WhiteElo "1998"]
[BlackElo "2430"]
[PlyCount "110"]
[EventDate "2002.??.??"]

1. e4 d6 2. d4 Nf6 3. Nc3 g6 4. Be3 Bg7 5. Qd2 Ng4 6. Bg5 h6 7. Bf4 Nc6 8. Nf3
Nxd4 9. Nxd4 e5 10. Bxe5 Nxe5 11. Bb5+ Bd7 12. O-O O-O 13. Rad1 Bxb5 14. Ndxb5
a6 15. Nd4 Nc4 16. Qc1 Qg5 17. Nce2 Qxc1 18. Rxc1 Nd2 19. Rfd1 Nxe4 20. c4 Rfe8
21. b4 c5 22. bxc5 dxc5 23. Nb3 b6 24. a4 Rad8 25. f3 Nd6 26. Kf2 Bb2 27. Rc2
Bf6 28. Rd5 Nf5 29. Rxd8 Bxd8 30. a5 bxa5 31. Ra2 Ne3 32. Nxa5 Nd1+ 33. Kf1
Rxe2 34. Rxe2 Bxa5 35. Ra2 Bb4 36. Rxa6 Ne3+ 37. Ke2 Nxc4 38. Kd3 Nd2 39. Rb6
Nb3 40. Kc4 Na5+ 41. Kb5 Kg7 42. Rd6 Nb3 43. Rd8 Nd2 44. Re8 h5 45. Re2 Kf6 46.
Re8 Kf5 47. Rf8 f6 48. h4 Ke6 49. g4 Nxf3 50. gxh5 gxh5 51. Rh8 Nxh4 52. Rxh5
Ng6 53. Kc4 Ne5+ 54. Kb3 f5 55. Rh8 f4 0-1

[Event "World Open"]
[Site "Philadelphia"]
[Date "2002.07.01"]
[Round "1"]
[White "Mucerino, Joseph J"]
[Black "Rogers, Norman"]
[Result "0-1"]
[WhiteElo "1981"]
[BlackElo "2347"]
[PlyCount "52"]
[EventDate "2002.??.??"]

1. d4 Nf6 2. Nc3 c5 3. d5 g6 4. Nf3 Bg7 5. e4 d6 6. Be2 O-O 7. O-O a6 8. a4
Nbd7 9. Bg5 h6 10. Bh4 Rb8 11. Nd2 Ne5 12. h3 g5 13. Bg3 Ng6 14. a5 b5 15. axb6
Rxb6 16. Nc4 Rb4 17. Ra3 Nf4 18. Bxf4 gxf4 19. Bd3 Nd7 20. Qe2 Ne5 21. Nxe5
Bxe5 22. Bxa6 Rxb2 23. Bxc8 Qxc8 24. Rfa1 f3 25. Qxf3 Rxc2 26. Rb1 f5 0-1

[Event "World Open"]
[Site "Philadelphia"]
[Date "2002.07.01"]
[Round "1"]
[White "Benen, Samson"]
[Black "Vayserberg, Tatiana"]
[Result "1-0"]
[WhiteElo "2321"]
[BlackElo "1913"]
[PlyCount "45"]
[EventDate "2002.??.??"]

1. d4 Nf6 2. Nf3 d5 3. c4 e6 4. g3 Be7 5. Bg2 O-O 6. O-O dxc4 7. Qc2 Nbd7 8.
Qxc4 c5 9. Rd1 Qb6 10. Nc3 cxd4 11. Nxd4 e5 12. Nf5 Bc5 13. e3 Qb4 14. Qxb4
Bxb4 15. Nb5 Nb6 16. Bd2 Bxd2 17. Ne7+ Kh8 18. Rxd2 a6 19. Nd6 Be6 20. Bxb7
Rad8 21. Nc6 Rd7 22. Nxe5 Nc4 23. Nxd7 1-0

[Event "World Open"]
[Site "Philadelphia"]
[Date "2002.07.01"]
[Round "1"]
[White "Soudre, Nicolas"]
[Black "Stephano, Philip"]
[Result "1-0"]
[WhiteElo "2294"]
[BlackElo "1825"]
[PlyCount "68"]
[EventDate "2002.??.??"]

1. e4 c5 2. Nc3 Nc6 3. f4 d6 4. Nf3 Nf6 5. Bb5 e6 6. Bxc6+ bxc6 7. d3 Be7 8.
O-O O-O 9. b3 Ne8 10. Bb2 f6 11. e5 Nc7 12. Na4 Nb5 13. c4 Nd4 14. Nxd4 cxd4
15. Qe2 c5 16. Ba3 Qc7 17. exd6 Bxd6 18. Qh5 g6 19. Qe2 Bd7 20. Kh1 Rae8 21.
Rab1 e5 22. Qf3 Kg7 23. fxe5 Rxe5 24. Rbe1 Rh5 25. Rf2 Bxh2 26. Re7+ Kh8 27.
Rxd7 Qxd7 28. g4 Re5 29. Kxh2 h5 30. Nxc5 Qc7 31. Qf4 Rxc5 32. Qxc7 Rxc7 33.
Bxf8 Rf7 34. Bc5 hxg4 1-0

[Event "World Open"]
[Site "Philadelphia"]
[Date "2002.07.01"]
[Round "1"]
[White "Theriot, Troy"]
[Black "Culbeaux, Oscar T"]
[Result "0-1"]
[WhiteElo "1556"]
[BlackElo "2273"]
[PlyCount "42"]
[EventDate "2002.??.??"]

1. d4 Nf6 2. Nd2 d5 3. Ngf3 Bg4 4. c3 c6 5. Qc2 Nbd7 6. e4 dxe4 7. Nxe4 Bxf3 8.
gxf3 Qc7 9. Qe2 O-O-O 10. Nd2 e5 11. Qd1 exd4 12. Ne4 dxc3 13. bxc3 Nxe4 14.
fxe4 Ne5 15. Bh3+ Kb8 16. Qe2 Nd3+ 17. Kd2 Nf4+ 18. Ke1 Nxe2 19. Kxe2 Bd6 20.
f3 Bf4 21. Ba3 Rd2+ 0-1

[Event "World Open U 2000"]
[Site "Philadelphia"]
[Date "2002.07.01"]
[Round "1"]
[White "Bacon, Michael"]
[Black "Shernoff, Leon"]
[Result "0-1"]
[WhiteElo "1805"]
[BlackElo "1905"]
[PlyCount "122"]
[EventDate "2002.??.??"]

1. e4 e5 2. Bc4 Nf6 3. d3 Bc5 4. Nc3 c6 5. Nf3 d6 6. O-O Be6 7. Bb3 Nbd7 8. Ng5
Qe7 9. Nxe6 fxe6 10. Bd2 O-O 11. Na4 b5 12. Nxc5 Nxc5 13. Qe2 a5 14. c3 a4 15.
Bc2 Qb7 16. d4 exd4 17. cxd4 Ncd7 18. e5 dxe5 19. dxe5 Nd5 20. Qh5 g6 21. Bxg6
hxg6 22. Qxg6+ Kh8 23. Qh6+ Kg8 24. Qxe6+ Rf7 25. Rae1 Nf8 26. Qg4+ Rg7 27. Qe4
Re8 28. f4 c5 29. Rf3 Ng6 30. Rg3 Re6 31. Qf3 Nh4 32. Qf2 Qe7 33. Rxg7+ Kxg7
34. g3 Nf5 35. Qg2 Qd7 36. Qf2 Qe7 37. Qg2 Qd7 38. Qe2 Nd4 39. Qg4+ Kf8 40. f5
Re7 41. Bh6+ Rg7 42. Bxg7+ Qxg7 43. Qxg7+ Kxg7 44. f6+ Kf7 45. Kf2 Nb4 46. Re4
Nd3+ 47. Ke3 Nxb2 48. Rg4 Ne6 49. h4 b4 50. h5 b3 51. axb3 a3 52. Rh4 c4 53.
Rh1 cxb3 54. h6 Kg8 55. Ke4 Na4 56. Kf5 Nac5 57. g4 a2 58. g5 b2 59. g6 b1=Q+
60. Rxb1 axb1=Q+ 61. Kg4 Qxg6+ 0-1

[Event "World Open"]
[Site "Philadelphia"]
[Date "2002.07.01"]
[Round "1"]
[White "Gershov, Yevgeniy"]
[Black "Rosen, Matt"]
[Result "1/2-1/2"]
[WhiteElo "2395"]
[BlackElo "1983"]
[PlyCount "122"]
[EventDate "2002.??.??"]

1. e4 c6 2. d4 d5 3. exd5 cxd5 4. c4 Nf6 5. Nc3 Nc6 6. Nf3 g6 7. Qb3 Na5 8.
Qa4+ Bd7 9. Qc2 Nxc4 10. Nxd5 Nxd5 11. Bxc4 Nb6 12. Bd3 Bg7 13. O-O O-O 14. Rd1
Rc8 15. Qe2 Bc6 16. Ne5 Qxd4 17. Nxc6 Rxc6 18. Bxg6 Qe5 19. Qxe5 Bxe5 20. Be4
Rc7 21. Rb1 Nc4 22. b3 Nd6 23. Bd3 Rfc8 24. Be3 a6 25. g3 Rc6 26. Kf1 Bg7 27.
Bg5 f6 28. Be3 e5 29. Rbc1 Rxc1 30. Rxc1 Rxc1+ 31. Bxc1 h6 32. a4 Bf8 33. g4
Kf7 34. Kg2 Ke6 35. Kg3 Kd5 36. Be3 e4 37. Be2 f5 38. Kh4 Ke5 39. Kh5 f4 40.
Bc1 b5 41. Kg6 bxa4 42. bxa4 a5 43. Bd2 Nb7 44. Bc3+ Kd5 45. Kf5 f3 46. Ba6 Nc5
47. Bc8 e3 48. Be1 Kd4 49. g5 Nd3 50. fxe3+ Kxe3 51. Bg3 hxg5 52. Kxg5 Be7+ 53.
Kh6 f2 54. Bh3 Nf4 55. Bf1 Kf3 56. Kh7 Bd8 57. Kg8 Ng2 58. Bd6 Nh4 59. Kf7 Nf5
60. Be5 Kg4 61. Ke6 Ne3 1/2-1/2

[Event "World Open"]
[Site "Philadelphia"]
[Date "2002.07.02"]
[Round "2"]
[White "Rogers, Norman"]
[Black "Blatny, Pavel"]
[Result "0-1"]
[WhiteElo "2347"]
[BlackElo "2603"]
[PlyCount "76"]
[EventDate "2002.??.??"]

1. e4 e5 2. Nf3 Nc6 3. Bc4 h6 4. c3 Qf6 5. d4 d6 6. d5 Nb8 7. Bd3 g5 8. c4 Nd7
9. b4 Ne7 10. Nc3 Ng6 11. g3 a5 12. bxa5 Nc5 13. Be2 Bh3 14. Be3 Rxa5 15. Nd2
Nd7 16. Nb3 Ra8 17. Bg4 Bxg4 18. Qxg4 Bg7 19. Nb5 Qd8 20. c5 Nf6 21. Qf3 Qd7
22. a4 O-O 23. h4 g4 24. Qg2 Rxa4 25. Nc3 Rxa1+ 26. Nxa1 Nh5 27. Qf1 f5 28.
exf5 Qxf5 29. Qc4 e4 30. Kd2 Nf6 31. Nc2 Ne5 32. Qb3 dxc5 33. Bxc5 Rd8 34. Be3
Nxd5 35. Nb4 Nc4+ 36. Kc1 Ncxe3 37. fxe3 Bxc3 38. Nxd5 Qxd5 0-1

[Event "World Open"]
[Site "Philadelphia"]
[Date "2002.07.02"]
[Round "2"]
[White "Schmaltz, Roland"]
[Black "Benen, Samson"]
[Result "1-0"]
[WhiteElo "2586"]
[BlackElo "2321"]
[PlyCount "93"]
[EventDate "2002.??.??"]

1. e4 e5 2. Nf3 Nc6 3. Nc3 Nf6 4. g3 Bc5 5. Bg2 a6 6. Nxe5 Nxe5 7. d4 Bd6 8.
dxe5 Bxe5 9. Qd3 O-O 10. O-O Re8 11. Bd2 d6 12. Rfe1 Nd7 13. f4 Nc5 14. Qe3 Bf6
15. Qf2 Ne6 16. e5 dxe5 17. fxe5 Bg5 18. Rad1 Bxd2 19. Rxd2 Qe7 20. Nd5 Qf8 21.
h4 c6 22. Nb6 Rb8 23. Bh3 h6 24. Rd6 Qe7 25. Red1 Ng5 26. Bxc8 Ne4 27. Qf4 Nxd6
28. exd6 Qe2 29. Bg4 Qxc2 30. d7 Red8 31. Qf2 Qg6 32. Qf5 Qxf5 33. Bxf5 g6 34.
Bc2 h5 35. Bb3 Kg7 36. Rf1 Rf8 37. Nc8 f5 38. Rd1 Rd8 39. Nb6 Rf8 40. Kg2 Rbd8
41. Na4 b6 42. Nxb6 f4 43. Na4 Rf5 44. gxf4 Kf6 45. Kg3 Ke7 46. Nb6 Rb5 47.
Nc8+ 1-0

[Event "World Open"]
[Site "Philadelphia"]
[Date "2002.07.02"]
[Round "2"]
[White "Culbeaux, Oscar T"]
[Black "Sarkar, Justin"]
[Result "1-0"]
[WhiteElo "2273"]
[BlackElo "2435"]
[PlyCount "119"]
[EventDate "2002.??.??"]

1. e4 d6 2. d4 Nf6 3. Nc3 e5 4. dxe5 dxe5 5. Qxd8+ Kxd8 6. Bg5 Be6 7. O-O-O+
Nbd7 8. Nf3 Kc8 9. a3 c6 10. h3 Kc7 11. Be3 Bc5 12. Bxc5 Nxc5 13. Re1 Ncd7 14.
Ng5 b5 15. Nxe6+ fxe6 16. Re3 a5 17. Be2 Nc5 18. Rg3 Rhg8 19. Rg5 b4 20. Nb1
Nfxe4 21. Rxe5 Kd6 22. f4 Rgf8 23. Rd1+ Ke7 24. Bf3 Rxf4 25. Re1 Raf8 26. axb4
axb4 27. b3 Rxf3 28. gxf3 Rxf3 29. Nd2 Nxd2 30. Rxc5 Nxb3+ 31. cxb3 Rxb3 32.
Rxc6 Rxh3 33. Rcxe6+ Kf7 34. Rb6 h5 35. Rf1+ Kg8 36. Rg6 Ra3 37. Kb2 Kh7 38.
Rfg1 Ra7 39. Kb3 Rb7 40. R1g5 Rf7 41. Kxb4 Rf4+ 42. Kc3 Rf7 43. Rc6 Kg8 44.
Rxh5 Rf3+ 45. Kd4 Rg3 46. Rc7 Rg1 47. Ke3 Rg3+ 48. Kf4 Rg1 49. Rg5 Rf1+ 50. Kg4
Rg1+ 51. Kh5 Rh1+ 52. Kg6 Rh6+ 53. Kf5 Rf6+ 54. Ke5 Kh8 55. Rh5+ Kg8 56. Rc8+
Kf7 57. Rf5 Ke7 58. Rxf6 gxf6+ 59. Kf5 Kd7 60. Rf8 1-0

[Event "World Open"]
[Site "Philadelphia"]
[Date "2002.07.02"]
[Round "2"]
[White "Mayer, Steven F"]
[Black "Gershov, Yevgeniy"]
[Result "0-1"]
[WhiteElo "2203"]
[BlackElo "2395"]
[PlyCount "80"]
[EventDate "2002.??.??"]

1. c4 c5 2. Nc3 Nc6 3. g3 g6 4. Bg2 Bg7 5. e3 e6 6. Nge2 Nge7 7. O-O O-O 8. d4
cxd4 9. exd4 d6 10. Rb1 a6 11. b4 Qc7 12. c5 dxc5 13. dxc5 Rd8 14. Qb3 e5 15.
Nd5 Nxd5 16. Bxd5 Bf5 17. Rb2 Nxb4 18. Bxf7+ Qxf7 19. Qxf7+ Kxf7 20. Rxb4 Bd3
21. Rxb7+ Kg8 22. Rb2 e4 23. Rd2 Bh6 24. Rb2 Bg7 25. Rd2 Rdc8 26. Ba3 Bh6 27.
Rb2 e3 28. Rd1 exf2+ 29. Kxf2 Rf8+ 30. Nf4 Bb5 31. h4 Bxf4 32. gxf4 Rxf4+ 33.
Kg3 Raf8 34. Bb4 h5 35. c6 Rg4+ 36. Kh3 Rf3+ 37. Kh2 Rxh4+ 38. Kg1 Bxc6 39.
Rd8+ Kh7 40. Rc8 Rg3+ 0-1

[Event "World Open"]
[Site "Philadelphia"]
[Date "2002.07.02"]
[Round "2"]
[White "Friedman, Josef I"]
[Black "Murtagh, Dermot"]
[Result "1-0"]
[WhiteElo "2242"]
[BlackElo "1998"]
[PlyCount "67"]
[EventDate "2002.??.??"]

1. d4 Nf6 2. c4 c5 3. e3 g6 4. Nf3 Bg7 5. Nc3 O-O 6. Be2 b6 7. O-O Bb7 8. b3 d6
9. Bb2 Nbd7 10. d5 a6 11. a4 Ne4 12. Qc2 Nxc3 13. Bxc3 Bxc3 14. Qxc3 a5 15. Ng5
Nf6 16. f4 h6 17. Nf3 Bc8 18. Bd3 Bf5 19. Rae1 Bxd3 20. Qxd3 Qd7 21. e4 Kh7 22.
e5 Nh5 23. Nd2 f5 24. Qh3 Rae8 25. Ne4 Qd8 26. Nc3 Rh8 27. Nb5 Ng7 28. Qh4 Qd7
29. Re2 Rhf8 30. Rfe1 Rh8 31. exd6 exd6 32. Re7 Qd8 33. Qf6 Rhg8 34. R1e6 1-0

[Event "World Open"]
[Site "Philadelphia"]
[Date "2002.07.02"]
[Round "2"]
[White "Stephano, Philip"]
[Black "Au, Leslie"]
[Result "0-1"]
[WhiteElo "1825"]
[BlackElo "2236"]
[PlyCount "116"]
[EventDate "2002.??.??"]

1. e4 e6 2. d4 d5 3. e5 c5 4. c3 Nc6 5. Nf3 Bd7 6. Bd3 cxd4 7. cxd4 Qb6 8. O-O
Nxd4 9. Nxd4 Qxd4 10. Nc3 a6 11. Qe2 Ne7 12. Kh1 h5 13. f4 g6 14. Be3 Qb4 15.
a3 Qa5 16. Qf2 Qd8 17. Bb6 Qb8 18. Bc5 Nf5 19. Bxf8 Kxf8 20. Bxf5 gxf5 21. Qc5+
Ke8 22. Rad1 Qc8 23. Qe3 h4 24. Rxd5 Bc6 25. Rd6 h3 26. Kg1 hxg2 27. Rfd1 Qc7
28. b4 Rc8 29. a4 Qe7 30. Qg3 Qh4 31. R6d3 Qxg3 32. Rxg3 b5 33. a5 Ke7 34. Ne2
Rhd8 35. Rgd3 Rxd3 36. Rxd3 Be4 37. Rc3 Rc4 38. Rxc4 bxc4 39. Nc3 Bc6 40. Kf2
f6 41. Ne2 fxe5 42. fxe5 Kf7 43. Kg1 Kg8 44. Kf2 Kh7 45. h3 Kh6 46. h4 f4 47.
Nxf4 c3 48. Ne2 c2 49. b5 Bxb5 50. Nc1 Bc6 51. Ne2 Kh5 52. Nc1 Kxh4 53. Ne2 Kg4
54. Kg1 Bf3 55. Nc1 Kf5 56. Nd3 Ke4 57. Nc1 Kxe5 58. Kf2 Kd4 0-1

[Event "World Open"]
[Site "Philadelphia"]
[Date "2002.07.02"]
[Round "2"]
[White "Vayserberg, Tatiana"]
[Black "Patterson, Roger"]
[Result "0-1"]
[WhiteElo "1913"]
[BlackElo "2246"]
[PlyCount "88"]
[EventDate "2002.??.??"]

1. d4 Nf6 2. Nc3 d5 3. e4 dxe4 4. f3 exf3 5. Nxf3 e6 6. Bg5 Be7 7. Ne5 O-O 8.
Bd3 c6 9. Bxf6 Bxf6 10. Qg4 Nd7 11. O-O-O Bg5+ 12. Kb1 f5 13. Qe2 Nxe5 14. dxe5
Qc7 15. g3 Bd7 16. Bc4 b5 17. Bb3 Be7 18. Qd2 Bc8 19. Qe3 Rb8 20. Ne2 c5 21. c3
c4 22. Bc2 Bb7 23. Nd4 Qb6 24. Rhe1 Rbd8 25. a3 Bd5 26. g4 fxg4 27. Qg3 Bf3 28.
Nxf3 gxf3 29. Rg1 Rf7 30. Qh3 Rxd1+ 31. Rxd1 g6 32. Rf1 f2 33. Qg4 Qe3 34. Qg3
Qxg3 35. hxg3 Bg5 36. Be4 h5 37. Bc2 Kg7 38. a4 bxa4 39. Bxa4 Be3 40. Bb5 Rf3
41. Bxc4 Kf7 42. Kc2 Rxg3 43. Rd1 Rg1 44. Rf1 h4 0-1

[Event "World Open"]
[Site "?"]
[Date "2002.07.03"]
[Round "3"]
[White "Blatny, Pavel"]
[Black "Kreiman, Boris"]
[Result "1-0"]
[WhiteElo "2603"]
[BlackElo "2551"]
[PlyCount "57"]
[EventDate "2002.??.??"]

1. f4 d5 2. b3 Nf6 3. Bb2 g6 4. e3 Bg7 5. Be2 c5 6. Nf3 O-O 7. O-O Nc6 8. Ne5
Qc7 9. Nxc6 Qxc6 10. a4 a6 11. Bf3 Be6 12. c4 Qd7 13. Qe2 Rfd8 14. a5 Bg4 15.
Ra3 Bxf3 16. Rxf3 Ne8 17. Bxg7 Nxg7 18. d3 Qe6 19. Nc3 d4 20. Nd5 Rac8 21. e4
Nf5 22. Ra2 Ne3 23. f5 Qe5 24. Qf2 gxf5 25. Qh4 fxe4 26. Nxe7+ Kf8 27. Nxc8
Rxc8 28. dxe4 Rc7 29. Qd8+ 1-0

[Event "World Open: Under 2000 Section"]
[Site "?"]
[Date "2002.07.07"]
[Round "8"]
[White "Legaspina, Victor"]
[Black "Echevery, Alex"]
[Result "0-1"]
[WhiteElo "1985"]
[BlackElo "1981"]
[PlyCount "84"]
[EventDate "2002.07.07"]

1. e4 e5 2. Nc3 Nf6 3. Nf3 Nc6 4. d4 exd4 5. Nxd4 Bb4 6. Nxc6 bxc6 7. Bd3 O-O
8. O-O d5 9. e5 Ng4 10. h3 Nxe5 11. Bxh7+ Kxh7 12. Qh5+ Kg8 13. Qxe5 Re8 14.
Qd4 Bd6 15. Bd2 Be6 16. f4 Qh4 17. Qd3 g6 18. Be1 Qf6 19. g4 Bd7 20. Kg2 Rab8
21. b3 Rb4 22. Bg3 Rd4 23. Qf3 Rd2+ 24. Rf2 Bb4 25. Rxd2 Bxc3 26. Rad1 Bxd2 27.
Rxd2 c5 28. Re2 Rxe2+ 29. Qxe2 Bc6 30. h4 Qa1 31. a4 d4+ 32. Kh3 Qh1+ 33. Bh2
Bf3 34. Qf2 f5 35. gxf5 gxf5 36. Kg3 Bg4 37. a5 a6 38. h5 c6 39. Kh4 Qe4 40.
Qf1 Qxc2 41. Bg3 Qe4 42. Qc4+ Kg7 0-1

[Event "World Open: Open Section"]
[Site "Philadelphia, PA"]
[Date "2002.07.07"]
[Round "8"]
[White "Bonin, Jay R"]
[Black "Schmaltz, Roland"]
[Result "1/2-1/2"]
[WhiteElo "2376"]
[BlackElo "2586"]
[PlyCount "48"]
[EventDate "2002.??.??"]

1. d4 g6 2. e4 Bg7 3. c4 d6 4. Nc3 Nf6 5. Nf3 O-O 6. Be2 Na6 7. Rb1 c5 8. O-O
cxd4 9. Nxd4 Nc5 10. f3 a5 11. Be3 Ne6 12. Qd2 Nxd4 13. Bxd4 Be6 14. f4 a4 15.
f5 Bd7 16. Qe3 Bc6 17. e5 dxe5 18. Bxe5 Qa5 19. Bd4 Qc7 20. Bb6 Bh6 21. Qf2 Qb8
22. Rbd1 Nd7 23. Rxd7 Bxd7 24. Nd5 Bxf5 {
The scoresheet was unreadable beyond this point.} 1/2-1/2

[Event "World Open: Open Section"]
[Site "Philadelphia, PA"]
[Date "2002.07.07"]
[Round "8"]
[White "Stevens, Christian"]
[Black "Dougherty, Michael"]
[Result "1/2-1/2"]
[WhiteElo "2211"]
[BlackElo "2404"]
[PlyCount "48"]
[EventDate "2002.??.??"]

1. c4 g6 2. d4 Bg7 3. Nc3 c5 4. e3 Nf6 5. Nf3 O-O 6. Be2 d6 7. O-O Na6 8. b3
Bf5 9. Bb2 Re8 10. a3 Ne4 11. Nd5 e6 12. Nf4 Nc7 13. b4 b6 14. Qc1 cxd4 15.
Nxd4 e5 16. Nxf5 gxf5 17. Nh5 Bh8 18. Ng3 Qg5 19. Nxf5 Qxf5 20. Bd3 Qg6 21. f3
f5 22. fxe4 fxe4 23. Be2 Rf8 24. Qd2 Bg7 1/2-1/2

[Event "World Open: Open Section"]
[Site "Philadelphia, PA"]
[Date "2002.07.07"]
[Round "8"]
[White "Barry, Steven M"]
[Black "Anka, Emil"]
[Result "0-1"]
[WhiteElo "2269"]
[BlackElo "2580"]
[PlyCount "99"]
[EventDate "2002.??.??"]

1. Nf3 c5 2. c4 g6 3. e4 Bg7 4. d4 cxd4 5. Nxd4 Nc6 6. Be3 Nf6 7. Nc3 d6 8. Be2
O-O 9. Qd2 Bd7 10. O-O Nxd4 11. Bxd4 Bc6 12. f3 a5 13. b3 Nd7 14. Bxg7 Kxg7 15.
Qd4+ Kg8 16. f4 Qb6 17. Qxb6 Nxb6 18. Rad1 Nd7 19. Bg4 Nc5 20. Rfe1 f6 21. f5
g5 22. Nd5 Bxd5 23. exd5 Rf7 24. h4 gxh4 25. Rd4 Nd7 26. Be2 Rg7 27. Rxh4 Ne5
28. Kf2 b6 29. Reh1 Nf7 30. Re4 Ng5 31. Re3 Ra7 32. Rb1 Nf7 33. b4 Rg5 34. g4
Ne5 35. bxa5 bxa5 36. Rb8+ Kg7 37. Re8 Rxg4 38. Bxg4 Nxg4+ 39. Kf3 Nxe3 40.
Kxe3 a4 41. Kd4 h5 42. Rb8 a3 43. Rb3 Kh6 44. c5 Ra4+ 45. Kd3 dxc5 46. Rb7 Rd4+
47. Kc3 Rxd5 48. Rxe7 Rxf5 49. Re3 h4 50. Kc4 0-1